|
|
|
|
| LEADER |
00000cam a2200000 a 4500 |
| 001 |
200901 |
| 003 |
Ucuenca |
| 005 |
20230308181203.0 |
| 008 |
993030| ||||||||r|||||||||||spa|| |
| 040 |
|
|
|b spa
|
| 041 |
0 |
|
|a spa
|
| 082 |
0 |
|
|a 610
|
| 100 |
1 |
|
|a Hammerly, Marcelo A.
|9 81583
|
| 245 |
|
|
|a Nuevo tratado médico
|c Marcelo A. Hammerly
|h imp
|n tomo 2
|
| 264 |
|
|
|a Buenos Aires
|b Asociación Casa Editora Sudamericana
|c s. f.
|
| 300 |
|
|
|a 379 - 936 páginas:
|b ilu
|c 21.5 cm
|
| 650 |
|
0 |
|a Ciencias médicas
|9 63588
|
| 852 |
|
|
|a UC-SALUD
|f Compra
|l 1
|m General
|p 19930309
|q S/. 1.850
|t 14507-2
|b 0
|d CDRS
|e CDRS
|g 610 14507
|z 1993-30-30
|
| 942 |
|
|
|c BK
|
| 999 |
|
|
|c 55644
|d 55644
|